000
00490nam a2200169Ia 4500
008
090711s9999 xx 000 0 und d
082
_b
40383
100
_a
काळे प्र. िSां.
245
_a
मरणाSां रु प
260
_c
1978
300
_a
87
600
_a
काळे प्र. िSां.
630
_a
मरणाSां रु प
700
_a
काळे प्र. िSां.
730
_a
मरणाSां रु प
942
_c
BOOK
999
_c
320398
_d
320398